00576nam a2200193Ia 450000500170000000800410001702000180005804000180007604100080009408200230010210000220012524500470014725000120019426000460020630000260025265000370027865000330031565000340034820220719143135.0210716s2014 xx 000 0 und d a9788126542444 cAIMIT LIBRARY aeng a005.3002 21bWALJ aWalkenbach, John. aExcel 2013 formulaS /cBy John Walkenbach. a1st ed. aNew Delhi :bWiley India Pvt Ltd ,c2014. axxv,836 p.;c24.5 cm. 2Using functions in your formulas 2Working with dates and times 2Working with tables and lists